Detalles MARC
| 000 -Cabecera |
| Campo de control de longitud fija |
01415ntm a22005177a 4500 |
| 005 - Fecha y hora de la última transacción |
| Campo de control |
20250819161759.0 |
| 008 - Elementos de longitud fija--Información general |
| Campo de control de longitud fija |
160229b2015 xxu||||| |||| 00| | spa d |
| 020 ## - International Standard Book Number |
| Número Internacional Estándar del Libro (ISBN) |
9789968487250 |
| 041 ## - Idioma |
| Código de idioma |
Español |
| 082 ## - Clasificación Decimal Dewey |
| Número de clasificación |
345 J61d |
| 100 ## - Entrada principal--Autor personal |
| Nombre personal |
Jiménez González, Edwin |
| 9 (RLIN) |
5726 |
| 245 ## - Título propiamente dicho |
| Título |
Derecho penal especial para cientistas policiales |
| 260 ## - Pie de imprenta |
| Lugar de publicación, distribución, etc. |
Costa Rica |
| 260 ## - Pie de imprenta |
| Nombre del editor, distribuidor, etc. |
EUNED |
| 260 ## - Pie de imprenta |
| Fecha de publicación, distribución, etc. |
2015 |
| 300 ## - Descripción física |
| Extensión |
312 páginas |
| 490 ## - Serie |
| Título de la Serie |
Investigación Criminal |
| 650 ## - Materia general |
| Temática (materia general) |
DERECHO PENAL |
| 650 ## - Materia general |
| Temática (materia general) |
DELITOS CONTRA LA VIDA |
| 650 ## - Materia general |
| Temática (materia general) |
HOMICIDIOS |
| 650 ## - Materia general |
| Temática (materia general) |
DELITOS DE ABORTO |
| 650 ## - Materia general |
| Temática (materia general) |
DELITOS SEXUALES |
| 650 ## - Materia general |
| Temática (materia general) |
DELITOS CONTRA LA FAMILIA |
| 650 ## - Materia general |
| Temática (materia general) |
EXTORSIÓN |
| 650 ## - Materia general |
| Temática (materia general) |
SECUESTRO |
| 650 ## - Materia general |
| Temática (materia general) |
DELITOS CONTRA LA INTIMIDAD |
| 650 ## - Materia general |
| Temática (materia general) |
HURTOS |
| 650 ## - Materia general |
| Temática (materia general) |
DELITOS CONTRA LA PROPIEDAD |
| 650 ## - Materia general |
| Temática (materia general) |
ROBOS |
| 650 ## - Materia general |
| Temática (materia general) |
ESTAFA |
| 650 ## - Materia general |
| Temática (materia general) |
USURPACIÓN |
| 650 ## - Materia general |
| Temática (materia general) |
DELITOS INFORMÁTICOS |
| 650 ## - Materia general |
| Temática (materia general) |
DELITOS CONTRA LA INTEGRIDAD PÚBLICA |
| 650 ## - Materia general |
| Temática (materia general) |
PIRATERÍA |
| 650 ## - Materia general |
| Temática (materia general) |
TRAICIÓN |
| 650 ## - Materia general |
| Temática (materia general) |
DELITOS CONTRA LA SEGURIDAD DE LA NACIÓN |
| 650 ## - Materia general |
| Temática (materia general) |
DELITOS CONTRA LA AUTORIDAD PÚBLICA |
| 650 ## - Materia general |
| Temática (materia general) |
ABUSO DE AUTORIDAD |
| 650 ## - Materia general |
| Temática (materia general) |
NOMBRAMIENTOS ILEGALES |
| 650 ## - Materia general |
| Temática (materia general) |
PECULADO |
| 650 ## - Materia general |
| Temática (materia general) |
FALSO TESTIMONIO |
| 650 ## - Materia general |
| Temática (materia general) |
SOBORNO |
| 650 ## - Materia general |
| Temática (materia general) |
FALSAS ACUSACIONES |
| 650 ## - Materia general |
| Temática (materia general) |
DERECHO PENAL JUVENIL |
| 942 ## - Punto de acceso adicional KOHA |
| Tipo de ítem KOHA |
Libro |
| Fuente del sistema de clasificación o colocación |
Dewey Decimal Classification |